Aramaic Alphabet - Statistics

General Stats
  • This quiz has been taken 32 times
  • The average score is 10 of 22
Answer Stats
Hint Answer % Correct
𐡁 Bet
88%
𐡄 He
68%
𐡂 Gamal
60%
𐡈 Teth
60%
𐡅 Waw
56%
𐡃 Dalath
52%
𐡔 Shin
52%
𐡀 Alaph
48%
𐡊 Kaph
48%
𐡏 Ayin
44%
𐡌 Mem
44%
𐡉 Yod
44%
𐡇 Ḥēt
40%
𐡍 Nun
40%
𐡕 Taw
40%
𐡐 Pe
36%
𐡓 Resh
36%
𐡎 Semkath
36%
𐡆 Zayin
32%
𐡋 Lamadh
28%
𐡒 Kuf
20%
𐡑 Sadhe
20%
No matching quizzes found
Score Distribution
Percent of People with Each Score
Percentile by Number Answered
Your Score History
You have not taken this quiz